Preparing to manage (Record no. 105349)

MARC details
000 -LEADER
fixed length control field 01114cam a2200205 4500
001 - CONTROL NUMBER
control field ##L133187
008 - FIXED-LENGTH DATA ELEMENTS--GENERAL INFORMATION
fixed length control field 060419n2006 000 0 eng u
035 ## - SYSTEM CONTROL NUMBER
System control number (Sirsi) u133187
041 0# - LANGUAGE CODE
Language code of text/sound track or separate title eng
050 04 - LIBRARY OF CONGRESS CALL NUMBER
Classification number 346.41042 $2 18
110 1# - MAIN ENTRY--CORPORATE NAME
Corporate name or jurisdiction name as entry element United Kingdom
Subordinate unit Office of the Deputy Prime Minister
245 00 - TITLE STATEMENT
Title Preparing to manage
Remainder of title frameworks for tenant management work programmes and competences for tenant management organisations: consultation paper
260 ## - PUBLICATION, DISTRIBUTION, ETC.
Place of publication, distribution, etc. London
Name of publisher, distributor, etc. ODPM
Date of publication, distribution, etc. 2006
520 ## - SUMMARY, ETC.
Summary, etc. Consults on the specific advice given on the frameworks for the programmes of learning and support that agencies and tenants receiving Tenant Empowerment Programme funding must follow and the guidelines set out for the assessment of competence of a tenant organisation. Responses are required by 24 May 2006.
590 ## - LOCAL NOTE (RLIN)
Local note IKA250406
650 24 - SUBJECT ADDED ENTRY--TOPICAL TERM
Topical term or geographic name entry element TENANT EMPOWERMENT PROGRAMME
690 ## - LOCAL SUBJECT ADDED ENTRY--TOPICAL TERM (OCLC, RLIN)
Topical term or geographic name as entry element PROPERTY-RESIDENTIAL PROPERTY-RESIDENTIAL LANDLORD AND TENANT
856 40 - ELECTRONIC LOCATION AND ACCESS
Uniform Resource Identifier <a href="https://www.communities.gov.uk/embedded_object.asp?id=1164864">https://www.communities.gov.uk/embedded_object.asp?id=1164864</a>
Public note View the consultation paper free of charge at www.dclg.gov.uk...
942 ## - ADDED ENTRY ELEMENTS (KOHA)
Suppress in OPAC 0
Holdings
Withdrawn status Lost status Source of classification or shelving scheme Damaged status Not for loan Home library Current library Shelving location Date acquired Total Checkouts Full call number Barcode Date last seen Copy number Price effective from Koha item type
    Dewey Decimal Classification     Virtual Virtual Online 19/04/2006   ONLINE PUBLICATION 133187-2001 06/08/2019 1 06/08/2019 Book